Microtest III to accompany Messier's Auditing: a systematic approach, 1 DOS version
Αποθηκεύτηκε σε:
| Μορφή: | Βιβλίο |
|---|---|
| Γλώσσα: | English |
| Δημοσίευση: |
San Diego :
Charlot Software Group,
c1995
|
| Θέματα: | |
| Ετικέτες: |
Προσθήκη ετικέτας
Δεν υπάρχουν, Καταχωρήστε ετικέτα πρώτοι!
|
MARC
| LEADER | 00000nam a2200000 i 4500 | ||
|---|---|---|---|
| 001 | 1/66923 | ||
| 008 | 980918s1995 eng d | ||
| 020 | |a 0078369991 | ||
| 035 | |l 10029908 | ||
| 040 | |a GR-MY-UA |b gre |e aacr | ||
| 041 | 0 | |a eng | |
| 082 | 0 | |a 657.45 | |
| 245 | 1 | 0 | |a Microtest III to accompany Messier's Auditing: a systematic approach, 1/e : |b DOS version |
| 260 | |a San Diego : |b Charlot Software Group, |c c1995 | ||
| 300 | |a 47 p. |e 1 disk 3.5" | ||
| 500 | |a User's guide | ||
| 650 | 0 | 0 | |a Auditing. |
| 852 | |a INST |b CHIOS |e 19980918 |h 657.45 MIC |p 005200015579 |q 005200015579 |t BK |y 600 | ||
| 852 | |a INST |b CHIOS |e 19980918 |h 657.45 MIC |p 005200015776 |q 005200015776 |t BK |y 600 | ||
| 901 | |a BIBL-1998-3 | ||
| 909 | |a Χ |b 058829 (disk) | ||
| 909 | |a Χ |b 058830 (user's guide) | ||
| 922 | |a 2ΕΛΗ |b 199807 |c ΤΔΕ |d ΠΑΠΑΣΩΤΗΡΙΟΥ | ||